| 000 | 01715nam0a2200373 4500 | ||
|---|---|---|---|
| 001 | RU\NLR\bibl\3260 | ||
| 005 | 20260406044128.0 | ||
| 010 |
_a5-88711-048-1 _95000 |
||
| 021 |
_aRU _b98-1181 _960 |
||
| 035 | _a(NLR Aleph) 000003145 | ||
| 090 |
_a6353 _c6353 |
||
| 100 | _a19980715d1997 |||y0rusy50 ca | ||
| 101 | 0 |
_arus _ager _eger |
|
| 102 | _aRU | ||
| 105 | _ay|||j||||||a| | ||
| 200 | 1 |
_aПриключения в Ункендорфе _dAbenteuer in Unkendorf _zger _e(по К. Штайнигеру) _eдля средних и старших классов общеобразовательных школ _fсост.: В.М. Завьялова |
|
| 210 |
_aМосква _cЧеРо _d1997 |
||
| 215 |
_a102 с. _cил. _d20 |
||
| 225 | 1 | _aЧитаем по-немецки | |
| 225 | 1 | _aКниги для чтения на иностранных языках | |
| 300 | _aНа обл.: Приключения в Ункендорфе / К. Штайнигер | ||
| 300 | _aАвтор также на нем. языке: K. Steiniger | ||
| 510 | 1 |
_aAbenteuer in Unkendorf _zger |
|
| 606 | 1 |
_aНемецкий язык _jХрестоматии для средней школы _91063964 _3RU\NLR\AUTH\66413315 |
|
| 686 | _aШ143.24-93рус21[9/11]хрест | ||
| 700 | 1 |
_4070 _8rus _7ca _aШтайнигер _bК. _f1928- _gКурт _3RU\NLR\AUTH\774077 _9114064 |
|
| 702 | 1 |
_4220 _8rus _7ca _aЗавьялова _bВ. М. _gВалентина Мартовна _3RU\NLR\AUTH\774080 _9114067 |
|
| 790 | 1 |
_4070 _8ger _7ba _aSteiniger _bK. _f1928- _gKurt _3RU\NLR\auth\774078 _9114065 |
|
| 801 | 0 |
_aRU _bNLR _c19980715 _gPSBO |
|
| 801 | 1 |
_aRU _bNLR _c19980715 |
|
| 852 |
_aNLR _j98-3/1897 |
||
| 942 | _cBOOK | ||
| 980 | _aNB | ||